000 00716cam a2200277 4500500
005 20260405003502.0
041 _afre
042 _adc
100 1 0 _aNathan, Tobie
_eauthor
245 0 0 _aCocktail Molotov. Feu magique
260 _c2022.
500 _a40
690 _aAlchimie
690 _aArme
690 _aBouteille
690 _aFeu
690 _aGuerre
690 _aMagie
690 _aMolotov
690 _aRussie
690 _aSecret
690 _aTobie Nathan
690 _aUkraine
786 0 _nPhilosophie magazine | 158 | 4 | 2022-04-01 | p. 16-16 | 1951-1787
856 4 1 _uhttps://shs.cairn.info/magazine-philosophie-magazine-2022-4-page-16?lang=fr&redirect-ssocas=7080
999 _c2068011
_d2068011